| 000 | 02316agaaa2200325 4500 | ||
|---|---|---|---|
| 001 | 5947 | ||
| 003 | IT-RoPAU | ||
| 005 | 20220918181244.0 | ||
| 007 | d cvaizq | ||
| 008 | 50131s9999||||xx ||| | || ||und|| | ||
| 040 |
_aIT-RoPAU _cIT-RoPAU |
||
| 041 | _aITALIANO | ||
| 100 |
_aRosi Francesco _gCodice regista SPICS: 1881 _937762 |
||
| 130 |
_aSALVATORE GIULIANO _946507 |
||
| 245 |
_aSALVATORE GIULIANO _cProdotto da: Cristaldi Franco -- Sceneggiatura: Cecchi D'Amico Suso Provenzale Enzo Rosi Francesco Solinas Franc -- Diretto da: Rosi Francesco _pSALVATORE GIULIANO (Rif. Codice opera principale : H5947) |
||
| 250 | _aEdizione Standard | ||
| 260 |
_a(ITALIA) _bLUX FILM - VIDES CINEMAT. - GALATEA FILM / Distribuzione: IL MESSAGGERO _g"1962 (1° ed.: 2005 ; Ed. Lingua Orig.: 1962)" |
||
| 300 |
_aDVD _bsonoro, col. _c107 minuti |
||
| 508 | _a"Fotografia: Di Venanzo Gianni; Montaggio: Serandrei Mario; Musica: Piccioni Piero; Sceneggiatura: Cecchi D'Amico Suso Provenzale Enzo Rosi Francesco Solinas Franc; Scenografia: Canevari S. Egidi C.; Soggetto: Cecchi D'Amico Suso -- Solina Francesco" | ||
| 511 | _a"Wolff Frank; Randone Salvo; Zardi Federico; Cammarata Pietro; Cicero Nando" | ||
| 520 | _aLA STORIA TORBIDA DEL BANDITO SALVATORE GIULIANO NEL PRIMO DOPOGUERRA. GIA' ATTIVO COME BANDITO ENTRA A FAR PARTE DELL'ESERCITO SEPARATISTA SICILIANO. SCIOLTO QUESTO, CONTINUA LA SUA ATTIVITA' DI FUORILEGGE, RICERCATO E COMBATTUTO DAI CARABINIERI. MUORE MISTERIOSAMENTE COSI' COME I COMPAGNI DELLA SUA BANDA. RAPPORTI TRA MAFIA, BANDITISMO, POTERE POLITICO, POTERE ECONOMICO: QUESTO E' IL TEMA PRINCIPALE CHE SI SVILUPPA ATTORNO ALLA FIGURA TORBIDA DI SALVATORE GIULIANO, MARRATA SOTTO FORMA D'INCHIESTA GIORNALISTICA CON CONTINUI SALTI NEL TEMPO, UN USO ORIGINALE DEI FLASH-BACK E PERFETTE VARIAZIONI DEL TONO DELLA FOTOGRAFIA. | ||
| 538 | _aPAL, STEREO | ||
| 546 | _aITALIANO | ||
| 650 |
_aDRAMMATICO _eDVD-FILM [DVD] _xCodice MATERIA SPICS: 9947 _946508 |
||
| 700 |
_aCecchi D'Amico Suso _e(soggetto) _gCodice Soggetto SPICS: 7581 _946509 |
||
| 700 |
_aPiccioni Piero _e(musica) _gCodice Musica SPICS: 11072 _946510 |
||
| 700 |
_aRosi Francesco _e(regista) _gCodice regista SPICS: 1881 _937762 |
||
| 700 |
_aSolina Francesco _e(soggetto) _gCodice Soggetto 2° SPICS: 48428 _946511 |
||
| 942 |
_cDV _2ddc |
||
| 999 |
_c106367 _d106367 |
||